The New Testament of our Lord and Saviour Jesus Christ (Record no. 7617)

MARC details
000 -LEADER
fixed length control field 00452nam a22001697a 4500
003 - CONTROL NUMBER IDENTIFIER
control field GBCCL
005 - DATE AND TIME OF LATEST TRANSACTION
control field 20241126110632.0
008 - FIXED-LENGTH DATA ELEMENTS--GENERAL INFORMATION
fixed length control field 180904b ||||| |||| 00| 0 eng d
040 ## - CATALOGING SOURCE
Transcribing agency gbc
082 ## - DEWEY DECIMAL CLASSIFICATION NUMBER
Classification number 225.5203
Item number NEW
245 ## - TITLE STATEMENT
Title The New Testament of our Lord and Saviour Jesus Christ
250 ## - EDITION STATEMENT
Edition statement KJV
260 ## - PUBLICATION, DISTRIBUTION, ETC.
Date of publication, distribution, etc. ?
Place of publication, distribution, etc. New York:
Name of publisher, distributor, etc. American Bible society,
300 ## - PHYSICAL DESCRIPTION
Extent 253p. ;
Other physical details pictures
650 ## - SUBJECT ADDED ENTRY--TOPICAL TERM
Topical term or geographic name entry element Bible
Form subdivision New Testament
9 (RLIN) 7309
942 ## - ADDED ENTRY ELEMENTS (KOHA)
Source of classification or shelving scheme Dewey Decimal Classification
Koha item type Books
Koha issues (borrowed), all copies 1
Holdings
Withdrawn status Lost status Source of classification or shelving scheme Damaged status Not for loan Home library Current Library Shelving location Date acquired Total checkouts Full call number Barcode Date last seen Date last checked out Copy number Price effective from Koha item type
    Dewey Decimal Classification     GRACE BIBLE COLLEGE GRACE BIBLE COLLEGE Biblical Studies 2018-09-04 1 225.5203 NEW 003360 2025-05-01 2019-10-04 c.1 2018-09-04 Books
© Grace Bible College Library 2025